University Home | Library Home | Institutional Repository

La France vous connaissez? : (Record no. 159696)

MARC details
000 -LEADER
fixed length control field 00719cam7a220024100 4500
001 - CONTROL NUMBER
control field lcf00287585
008 - FIXED-LENGTH DATA ELEMENTS--GENERAL INFORMATION
fixed length control field 770930s1976 fr a 000 0 fre
010 ## - LIBRARY OF CONGRESS CONTROL NUMBER
LC control number 77556699
015 ## - NATIONAL BIBLIOGRAPHY NUMBER
National bibliography number F***
035 ## - SYSTEM CONTROL NUMBER
System control number (Sirsi) r103117
035 ## - SYSTEM CONTROL NUMBER
System control number (DLC) 77556699
035 ## - SYSTEM CONTROL NUMBER
System control number (UPRA)lcf00287585
043 ## - GEOGRAPHIC AREA CODE
Geographic area code e-fr---
050 0# - LIBRARY OF CONGRESS CALL NUMBER
Classification number DC 18 Gar 1970
Item number .G23
082 ## - DEWEY DECIMAL CLASSIFICATION NUMBER
Classification number 944
100 1# - MAIN ENTRY--PERSONAL NAME
Personal name Gardaire, Eliana.
Linkage A60650.1
245 13 - TITLE STATEMENT
Title La France vous connaissez? :
Remainder of title Histoire et civilisation /
Statement of responsibility, etc. Eliana Gardaire.
260 ## - PUBLICATION, DISTRIBUTION, ETC.
Place of publication, distribution, etc. Paris :
Name of publisher, distributor, etc. M. Didier,
Date of publication, distribution, etc. c1976.
500 ## - GENERAL NOTE
General note Errata slip inserted.
651 #0 - SUBJECT ADDED ENTRY--GEOGRAPHIC NAME
Geographic name France.
Linkage S28811.1
949 ## - LOCAL PROCESSING INFORMATION (OCLC)
a DC 18 Gar 1970
w lcc
c 1
i 33729000043880
m MAIN
p 2500
t BOOK
l ON-SHELF

No items available.

© 2026 - The University of Zambia Library - Koha v25.11